00298nam a2200121Ia 4500008004100000100002300041245002900064250001200093260004100105300000800146942000700154999001500161190216s9999||||xx |||||||||||||| ||und|| aCharles L Schultze 0aNational Income Analysis a2nd Ed. bPrentice Hall Of India Pvt Ltdc1970 a149 cBK c4578d4578